000 00804nam a2200217Ia 4500
003 OSt
005 20240715103358.0
008 210210b2015 xxu||||| |||| 00| 0 eng d
040 _cAL
041 _aKannada
082 _aK894.4 BALB
100 _aBALAGANGADHARA (S N)
_dಬಾಲಗಂಗಾಧರ (ಎಸ್ ಎನ್)
_9173510
245 _aBauddhika dasyadalli bharata: Vasahatu prajneya vishvarupa bhaga 1
_bಬೌದ್ಧಿಕ ದಾಸ್ಯದಲ್ಲಿ ಭಾರತ: ವಸಾಹತು ಪ್ರಜ್ಞೆಯ ವಿಶ್ವರೂಪ ಭಾಗ 1
260 _aShirasi
_b-
_c2015
300 _axviii,182
440 _a1
_9173511
690 _aKannada Prose
_9173512
700 _aRajaram Hegade
_dರಾಜಾರಾಮ ಹೆಗಡೆ Tr
_9173513
906 _a071269
942 _2ddc
_cBK
999 _c120612
_d120612